Šanca plus zrkadlo nášho zdravia

Bibliographic Details
Other Authors: Šároši, Pavol (Publishing director)
Format: Journal
Language:Slovak
PhysicalDescription:11 zv. 30 cm
Published: Košice Pavol Šároši IMC PLUS 2003-2013
Košice IMC PLUS
Subjects:

MARC

LEADER 00000cas a2200000 a 4500
001 vtls009191482
003 SK-MaSNL
005 20260228161130.0
008 080313d20032013xo fr|p 0 b0slo
040 |a SNK  |b slo  |c SNK  |e AACR2 
041 0 |a slo 
044 |a xo  |c SK 
072 7 |a 613  |x Hygiena. Ľudské zdravie  |2 konspekt 
072 7 |a 659  |x Reklama. Public relations. Médiá  |2 konspekt 
080 |a 613/614  |2 2011 
080 |a 050  |2 2011 
080 |a 659.131/.132  |2 2011 
080 |a (085.3)  |2 2011 
245 0 0 |a Šanca plus  |b zrkadlo nášho zdravia 
260 |a Košice  |b Pavol Šároši IMC PLUS  |c 2003-2013 
260 2 |3 1/2005-2013  |a Košice  |b IMC PLUS 
300 |a 11 zv.  |c 30 cm 
310 |a 2x ročne  |b 2009-2013 
321 |a 1x ročne  |b 2004-2008 
362 0 |a Č. 1 (okt. 2003)-2013  |z BA001/2016 
500 |a Reg. číslo: MK SR 3025/2003 ; EV 3693/09 
500 |a Šéfredaktor: Pavol Šároši 
500 |a Obsahuje inzeráty rôznych firiem a agentúr 
650 0 7 |a zdravie  |2 SNKPH  |9 16322 
650 0 7 |a inzercia  |2 SNKPH  |9 22087 
655 7 |a firemné časopisy  |2 SNKPH  |9 76220 
655 7 |a inzertné časopisy  |2 SNKPH  |9 70809 
700 1 |a Šároši, Pavol  |4 pbd  |9 268043 
910 |a snk 
999 |c 4440  |d 6370 
952 |0 0  |1 0  |4 0  |7 0  |8 0  |a SNK  |b SNK  |d 2019-05-23  |i snk2019/14095  |l 0  |o snkČSB 7101/2003-2013 D1  |p 17A1367427  |r 2026-02-21 22:07:11  |t č. 1-2  |w 2026-02-21  |y PREZ 
952 |0 0  |1 0  |4 0  |7 0  |8 0  |a SNK  |b SNK  |d 2019-05-23  |i snk2019/14095  |l 0  |o snkČSB 7101/2004 D1  |p 17A1367426  |r 2026-02-21 22:07:11  |t č. 1  |w 2026-02-21  |y PREZ 
952 |0 0  |1 0  |4 0  |7 0  |8 0  |a SNK  |b SNK  |d 2019-05-23  |i snk2019/14095  |l 0  |o snkČSB 7101/2005 D1  |p 17A1367720  |r 2026-02-21 22:07:11  |t č. 1  |w 2026-02-21  |y PREZ 
952 |0 0  |1 0  |4 0  |7 0  |8 0  |a SNK  |b SNK  |d 2019-05-23  |i snk2019/14095  |l 0  |o snkČSB 7101/2006 D1  |p 17A1367721  |r 2026-02-21 22:07:11  |t č. 1  |w 2026-02-21  |y PREZ 
952 |0 0  |1 0  |4 0  |7 0  |8 0  |a SNK  |b SNK  |d 2019-05-23  |i snk2019/14095  |l 0  |o snkČSB 7101/2008 D1  |p 17A1367723  |r 2026-02-21 22:07:11  |t č. 1  |w 2026-02-21  |y PREZ 
952 |0 0  |1 0  |4 0  |7 0  |8 0  |a SNK  |b SNK  |d 2019-05-23  |i snk2019/14095  |l 0  |o snkČSB 7101/2007 D1  |p 17A1367722  |r 2026-02-21 22:07:12  |t č. 1  |w 2026-02-21  |y PREZ 
952 |0 0  |1 0  |4 0  |7 0  |8 0  |a SNK  |b SNK  |d 2019-05-23  |i snk2019/14095  |l 0  |o snkČSB 7101/2009 D1  |p 17A1367724  |r 2026-02-21 22:07:12  |t č. 1-2, neúplné  |w 2026-02-21  |y PREZ  |z Chýba č. 2 
952 |0 0  |1 0  |4 0  |7 0  |8 0  |a SNK  |b SNK  |d 2019-05-23  |i snk2019/14095  |l 0  |o snkČSB 7101/2010 D1  |p 17A1367725  |r 2026-02-21 22:07:12  |t č. 1-2  |w 2026-02-21  |y PREZ 
952 |0 0  |1 0  |4 0  |7 0  |8 0  |a SNK  |b SNK  |d 2019-05-23  |i snk2019/14095  |l 0  |o snkČSB 7101/2011 D1  |p 17A1367726  |r 2026-02-21 22:07:12  |t č. 1-2  |w 2026-02-21  |y PREZ 
952 |0 0  |1 0  |4 0  |7 0  |8 0  |a SNK  |b SNK  |d 2019-05-23  |i snk2019/14095  |l 0  |o snkČSB 7101/2012 D1  |p 17A1367727  |r 2026-02-21 22:07:12  |t č. 1-2  |w 2026-02-21  |y PREZ 
952 |0 0  |1 0  |4 0  |7 0  |8 0  |a SNK  |b SNK  |d 2019-05-23  |i snk2019/14095  |l 0  |o snkČSB 7101/2013 D1  |p 17A1367728  |r 2026-02-21 22:07:12  |t č. 1  |w 2026-02-21  |y PREZ 
952 |0 0  |1 0  |3 Spoločne zviazané r. 2003-2010  |4 0  |7 0  |8 0  |a SNK  |b SNK  |d 2019-05-22  |i snk2019/14091  |l 0  |o snkČSB 7101/2003  |p 17A1367430  |r 2026-02-21 22:07:30  |t č. 1-2  |w 2026-02-21  |y PREZ  |z Spoločne zviazané r. 2003-2010 
952 |0 0  |1 0  |3 Spoločne zviazané r. 2011-2013  |4 0  |7 0  |8 0  |a SNK  |b SNK  |d 2019-05-22  |i snk2019/14091  |l 0  |o snkČSB 7101/2012  |p 17A1367428  |r 2026-02-21 22:07:31  |t č. 1-2  |w 2026-02-21  |y PREZ  |z Spoločne zviazané r. 2011-2013 
952 |0 0  |1 0  |3 Spoločne zviazané r. 2011-2013  |4 0  |7 0  |8 0  |a SNK  |b SNK  |d 2019-05-22  |i snk2019/14091  |l 0  |o snkČSB 7101/2013  |p 17A1367425  |r 2026-02-21 22:07:31  |t č. 1  |w 2026-02-21  |y PREZ  |z Spoločne zviazané r. 2011-2013 
952 |0 0  |1 0  |3 Spoločne zviazané r. 2003-2010  |4 0  |7 0  |8 0  |a SNK  |b SNK  |d 2019-05-22  |i snk2019/14091  |l 0  |o snkČSB 7101/2004  |p 17A1367429  |r 2026-02-21 22:07:38  |t č. 1  |w 2026-02-21  |y PREZ  |z Spoločne zviazané r. 2003-2010 
952 |0 0  |1 0  |3 Spoločne zviazané r. 2003-2010  |4 0  |7 0  |8 0  |a SNK  |b SNK  |d 2019-05-22  |i snk2019/14091  |l 0  |o snkČSB 7101/2005  |p 17A1367418  |r 2026-02-21 22:07:38  |t č. 1  |w 2026-02-21  |y PREZ  |z Spoločne zviazané r. 2003-2010 
952 |0 0  |1 0  |3 Spoločne zviazané r. 2003-2010  |4 0  |7 0  |8 0  |a SNK  |b SNK  |d 2019-05-22  |i snk2019/14091  |l 0  |o snkČSB 7101/2006  |p 17A1367419  |r 2026-02-21 22:07:38  |t č. 1  |w 2026-02-21  |y PREZ  |z Spoločne zviazané r. 2003-2010 
952 |0 0  |1 0  |3 Spoločne zviazané r. 2003-2010  |4 0  |7 0  |8 0  |a SNK  |b SNK  |d 2019-05-22  |i snk2019/14091  |l 0  |o snkČSB 7101/2007  |p 17A1367420  |r 2026-02-21 22:07:38  |t č. 1  |w 2026-02-21  |y PREZ  |z Spoločne zviazané r. 2003-2010 
952 |0 0  |1 0  |3 Spoločne zviazané r. 2003-2010  |4 0  |7 0  |8 0  |a SNK  |b SNK  |d 2019-05-22  |i snk2019/14091  |l 0  |o snkČSB 7101/2008  |p 17A1367421  |r 2026-02-21 22:07:38  |t č. 1  |w 2026-02-21  |y PREZ  |z Spoločne zviazané r. 2003-2010 
952 |0 0  |1 0  |3 Spoločne zviazané r. 2003-2010  |4 0  |7 0  |8 0  |a SNK  |b SNK  |d 2019-05-22  |i snk2019/14091  |l 0  |o snkČSB 7101/2009  |p 17A1367422  |r 2026-02-21 22:07:38  |t č. 1-2  |w 2026-02-21  |y PREZ  |z Spoločne zviazané r. 2003-2010 
952 |0 0  |1 0  |3 Spoločne zviazané r. 2003-2010  |4 0  |7 0  |8 0  |a SNK  |b SNK  |d 2019-05-22  |i snk2019/14091  |l 0  |o snkČSB 7101/2010  |p 17A1367423  |r 2026-02-21 22:07:38  |t č. 1-2  |w 2026-02-21  |y PREZ  |z Spoločne zviazané r. 2003-2010 
952 |0 0  |1 0  |3 Spoločne zviazané r. 2011-2013  |4 0  |7 0  |8 0  |a SNK  |b SNK  |d 2019-05-22  |i snk2019/14091  |l 0  |o snkČSB 7101/2011  |p 17A1367424  |r 2026-02-21 22:07:38  |t č. 1-2  |w 2026-02-21  |y PREZ  |z Spoločne zviazané r. 2011-2013